[Event "World Cup"]
[Site "Khanty-Mansiysk"]
[Date "2009.11.22"]
[Round "1.2"]
[White "Morozevich, Alexander"]
[Black "Abdel Razik, Khaled"]
[Result "1-0"]
[WhiteElo "2750"]
[BlackElo "2469"]
[Annotator "Erenburg,S"]
[PlyCount "113"]
[EventDate "2009.11.21"]
[EventType "k.o."]
[EventRounds "7"]
[EventCountry "RUS"]
[SourceTitle "CBM 134"]
[Source "ChessBase"]
[SourceDate "2010.01.18"]
[SourceVersion "1"]
[SourceVersionDate "2010.01.18"]
[SourceQuality "1"]

1. e4 e6 2. d4 d5 3. Nc3 Be7 {Quite a rare move. More popular ones are 4...Nf6
and 4...Bb4.} 4. Nf3 Nf6 5. Bd3 c5 6. exd5 cxd4 {The most dangerous move.} (
6... exd5 {leads to typical French isolated pawn. The key difference is that
White's queenside knight is already on c3, while more typically White prefers
to bring it to b3 via d2.} 7. dxc5 O-O 8. Be3 (8. O-O Nbd7 9. Bf5 Nxc5 10. Bxc8
Rxc8 11. Be3 Re8 12. Bd4 a6 13. Re1 Nfe4 14. Ne2 Ne6 15. Be3 Nd6 16. c3 Nc4 17.
Bc1 Bf6 $11 {0-1 Pikula,D-Stojanovic,M/SRB-ch Vrsac 2007 (40)}) 8... Nbd7 9.
O-O Nxc5 10. h3 Re8 11. Bd4 Bd7 12. Re1 Bc6 13. Rb1 (13. Ne5 $142 $14) 13... a6
14. Bf1 Ne6 $11 15. Be3 {1/2-1/2 Belov,V (2627)-Nikolenko,O (2511)/Moscow 2009/
CBM 128 Extra}) (6... Nxd5 7. Nxd5 Qxd5 8. O-O cxd4 9. Nxd4 Bd7 (9... Nd7 10.
Nb5 Qc6 11. Qe2 a6 12. Nd4 Qc7 13. c4 Bd6 14. Nf3 Ne5 15. Nxe5 Bxe5 16. h3 O-O
17. Re1 Bh2+ 18. Kh1 Bd6 19. b3 Bd7 20. Bb2 Rad8 21. Rad1 $14 {1-0 Kaminski,M 
(2455)-Krivoshey,S (2420)/Katowice 1995/EXT 2000 (45)}) 10. Be3 O-O 11. c4 Qa5
12. a3 Nc6 13. b4 Qe5 14. Nxc6 (14. Nf3 $142) 14... Bxc6 15. Qc2 Qh5 (15... g6
$5) 16. Be4 Rfc8 17. Rad1 $14 {1-0 Keskisarja,T (2255)-Westerinen,H (2410)/
Finland 1997/EXT 1999 (49)}) 7. Bb5+ Bd7 8. Bxd7+ ({White did not get anything
special after} 8. Nxd4 exd5 9. O-O O-O 10. Bg5 Nc6 11. Re1 h6 12. Bh4 Rc8 13.
Nf3 Be6 $11 {0-1 Sarwat,W (2388)-Abdel Razik,K (2372)/Windhoek 2007/CBM 120
ext (42)}) 8... Qxd7 {Sacrificing a central pawn for the sake of pieces
activity.} (8... Nbxd7 9. Nxd4 Nxd5 10. Nxd5 exd5 11. O-O O-O 12. Nf5 Nb6 (
12... Nf6 13. Bg5 $14) 13. Qg4 g6 14. Nh6+ $6 (14. Bh6 $1 Re8 15. Ng7 Rf8 16.
Rae1 f5 (16... Bf6 17. Nh5 Bxb2 18. Bxf8 $16) 17. Qd1 $14) 14... Kh8 15. Re1 f5
16. Qg3 Bf6 $11 {1/2-1/2 Christiansen,L (2550)-Seirawan,Y (2630)/Chandler 1997/
CBM 061 (44)}) 9. dxe6 Qxe6+ 10. Ne2 Nc6 (10... Bb4+ 11. Bd2 Bc5 {does not
save the pawn in view of} 12. O-O Qd7 (12... Nc6 13. Nexd4) 13. Bg5 (13. Nexd4
$1 Bxd4 14. Re1+ $16) 13... Ne4 14. Qd3 Nxg5 15. Nxg5 Nc6 16. Qe4+ Qe7 17. Rad1
h6 18. Qxe7+ Kxe7 19. Nf3 Rhd8 $11 {0-1 Lukin,A (2460)-Romanishin,O (2610)/
Ordzhonikidze 1978/EXT 2001 (40)}) 11. O-O O-O $146 ({In the preceding game,} 
11... O-O-O {was played. However, White still can capture the pawn:} 12. Nexd4
Nxd4 13. Nxd4 Qe4 (13... Qc4 14. c3 $16) 14. c3 Bc5 15. Qf3 $2 (15. Be3 $1 Ng4
16. Re1 $16) 15... Bxd4 16. Qxe4 Bxf2+ 17. Rxf2 Rd1+ 18. Rf1 Rxf1+ 19. Kxf1
Nxe4 $11 {0-1 Pedersen,D (2344)-Larsen,P (2277)/Denmark 2003/EXT 2006 (41)})
12. Nexd4 Nxd4 13. Nxd4 Qb6 14. c3 $14 {White is pawn up and it does not seem
that Black can get any kind of compensation for it.} Rfe8 (14... Bc5 {is met
by the simple} 15. Nb3) 15. Qf3 Bf8 {This is too passive.} (15... Bc5 {gives
Black more chances:} 16. Nb3 ({But not} 16. Be3 Qxb2) 16... Ne4 17. Nxc5 Qxc5
18. Be3 Qb5 $14) 16. a4 Rac8 17. a5 {Driving away Black's queen from b6, which
enables White to develop his dark-squared bishop.} Qa6 18. Bf4 $16 {White is
fully developed and is a pawn up.} Ne4 19. h3 {Good prophylactic move.} Nc5 20.
Rfd1 {Covering the d3 square.} Qc4 21. Be3 g6 22. Qe2 {Expelling Black's queen
from her active position.} Qd5 $6 ({White still has an obvious advantage after
} 22... Qxe2 23. Nxe2 Nb3 24. Ra4 Bc5 25. Rd3 Re5 26. Nd4 $16) 23. Nb5 Qe5 24.
Qf3 (24. Nxa7 $5 Ra8 25. Nb5 Nb3 26. Ra4 Rxa5 27. Rxa5 Nxa5 28. b4 Nc6 29. Qc4
$16 {/+-}) 24... a6 25. Rd5 Qe4 26. Nd4 $6 {This is less convincing than} (26.
Nd6 Qxf3 27. gxf3 Bxd6 28. Rxd6 $16) 26... Nd3 27. Rd7 Qxf3 28. Nxf3 Nxb2 29.
Rxb7 Nc4 {Black's active pieces and White's weak a5-pawn give Black obvious
chances to survive.} 30. Bd4 Rb8 $1 {exchanging White's active rook.} 31. Ra7
Ra8 32. Rxa8 Rxa8 33. Kf1 Re8 {Preventing the transfer of white monarch to the
centre.} 34. g4 {Fixing Black's pawn structure on the kingside.} Bd6 35. Ra4
Rc8 36. Ne1 (36. Ke2 {is met by} Re8+) (36. g5 $5) 36... Nb2 $6 ({Perhaps more
natural was to activate the king with} 36... f5 $14 {[%cal Yg8f7]}) (36... Nd2+
37. Ke2 Nb3 38. Nf3 (38. Bf6 Bc7) 38... Nxd4+ (38... Bc7 39. Bb6) 39. Rxd4 Be7
$14) 37. Ra2 Rb8 38. Nc2 $6 (38. Ke2 Re8+ 39. Kf3 $1 Nc4 40. Nd3 Bc7 41. Nc5
$16) 38... Nd3 39. Ra1 Bc7 (39... Rb2 40. Rd1 Rxc2 41. Rxd3 Kf8 42. Bf6 Bc7 43.
g5 $16) (39... g5 40. Rd1 Nf4 41. Ba7 Ra8 42. Rxd6 Rxa7 43. Nb4 $18) (39... Nf4
$5 40. Rd1 {[%cal Yd4a7]} (40. h4 h5 $14) 40... Rb3 $14) 40. Ne3 {Bringing the
knight to c4, from where it protects the a5-pawn.} Rb2 41. Nc4 Rb5 {This is
somewhat inconsistent.} (41... Rc2 {was more active and probably stronger.} 42.
Rd1 (42. h4 $5) 42... Nf4 43. Bb6 Rxc3 44. Bxc7 Rxc4 (44... Ne6 45. Bg3 Rxc4
46. Rd6 Nc5 47. Rc6 $16) 45. Bxf4 Rxf4 46. Rd6 h5 47. gxh5 gxh5 48. Rxa6 Ra4
$14 {with excellent chances to draw the game.}) 42. Bb6 Bh2 {The only square
available for the bishop...} (42... Bb8 43. Rd1 Nf4 44. Rd8+ Kg7 45. f3 $18)
43. Rd1 (43. Kg2 Bb8 44. Rd1 Nf4+ 45. Kf3 Ne6 $16) 43... Nf4 44. Ne3 {
Preparing the advance of the c-pawn.} Rb3 45. g5 {Threatening with Ng4 and
Rd8+.} ({Somehow Black keeps survival chances after} 45. c4 Ne6 46. c5 Rc3 47.
Nd5 Rc4 $16) 45... Ne6 46. Ng4 Bf4 47. h4 Rxc3 48. Rd7 Rc1+ 49. Kg2 Kf8 50. Ra7
Rc8 $2 {Again too passive.} ({Better was} 50... Rc4 51. Nh6 (51. Rxa6 $2 Bxg5)
51... Nc7 (51... Bd2 {[%cal Yc4h4]} 52. Rxa6 Rxh4 53. Ra8+ Ke7 54. Ra7+ Ke8 55.
Nxf7 Ra4 56. Nd6+ $16) 52. Kf3 $16) 51. Rxa6 Bd6 52. Be3 $18 {With a passed
pawn up and Black's vulnerable king, nothing can prevent White's victory.} Bc5
53. Bxc5+ Rxc5 54. Nf6 Nf4+ 55. Kf3 Rf5 56. Ra8+ Ke7 57. Ng8+ {With Nh6 to
follow.} 1-0

[Event "Olympiad-34"]
[Site "Istanbul"]
[Date "2000.10.29"]
[Round "2.2"]
[White "Polgar, Judit"]
[Black "Aung, Aung"]
[Result "1-0"]
[WhiteElo "2656"]
[BlackElo "2495"]
[Annotator "Ernst,T"]
[PlyCount "81"]
[EventDate "2000.10.28"]
[EventType "team-swiss"]
[EventRounds "14"]
[EventCountry "TUR"]
[SourceTitle "EXT 2001"]
[Source "ChessBase"]
[SourceDate "2000.11.22"]
[SourceVersion "1"]
[SourceVersionDate "2000.11.22"]
[SourceQuality "1"]
[WhiteTeam "Hungary"]
[BlackTeam "Myanmar"]
[WhiteTeamCountry "HUN"]
[BlackTeamCountry "MYA"]

1. e4 e6 2. d4 d5 3. Nc3 dxe4 4. Nxe4 Bd7 5. Nf3 Bc6 6. Ned2 Nd7 7. Bd3 Ngf6 (
7... Ne7 $1 {Patrik Lyrberg.}) 8. O-O Be7 9. Re1 O-O 10. Nc4 b6 11. a4 a5 12.
c3 Bb7 13. Bg5 Nd5 14. Bd2 c5 15. dxc5 Nxc5 16. Bc2 Qc7 17. Na3 Rad8 18. Nb5
Qb8 19. Qc1 Bf6 20. Ng5 g6 21. Ne4 Nxe4 22. Bxe4 e5 23. Qc2 Bg7 24. Bg5 f6 25.
Rad1 Kh8 (25... fxg5 $2 26. Qb3 $16) 26. Bh4 Nf4 27. Bxb7 Qxb7 28. f3 Qc6 29.
Bg3 Ne6 30. Qe2 Rfe8 31. Bf2 Bf8 32. Qe4 Qxe4 33. fxe4 Bc5 34. Bxc5 Rxd1 35.
Rxd1 Nxc5 36. Rd6 Nxa4 $2 (36... Nxe4 37. Rxb6 Rd8 $132) 37. Rxf6 Kg7 38. Rd6
Re7 39. b4 $16 axb4 40. cxb4 Kf7 $2 (40... Nb2 41. Rxb6 $16) 41. Rd2 $18 1-0

[Event "Olympiad-34"]
[Site "Istanbul"]
[Date "2000.11.07"]
[Round "10.2"]
[White "Morovic Fernandez, Ivan"]
[Black "Giaccio, Alfredo Gustavo"]
[Result "1-0"]
[WhiteElo "2608"]
[BlackElo "2505"]
[Annotator "Ernst,T"]
[PlyCount "59"]
[EventDate "2000.10.28"]
[EventType "team-swiss"]
[EventRounds "14"]
[EventCountry "TUR"]
[SourceTitle "EXT 2001"]
[Source "ChessBase"]
[SourceDate "2000.11.22"]
[SourceVersion "1"]
[SourceVersionDate "2000.11.22"]
[SourceQuality "1"]
[WhiteTeam "Croatia"]
[BlackTeam "Argentina"]
[WhiteTeamCountry "CRO"]
[BlackTeamCountry "ARG"]

1. e4 e6 2. d4 d5 3. Nc3 dxe4 4. Nxe4 Bd7 5. Nf3 Bc6 6. Bd3 Nd7 7. O-O Ngf6 8.
Ned2 Be7 9. Re1 O-O 10. c3 b6 11. Qe2 Re8 12. Ne5 Nxe5 13. dxe5 Nd7 14. Nf3 Bb7
(14... Bxf3 15. Qxf3 Bg5 16. Bxh7+ Kxh7 17. Qd3+ Kh6 18. Bxg5+ Kxg5 19. Re3 $44
) 15. Bf4 $16 c5 16. Rad1 Bc6 17. h4 Bxf3 (17... Bxh4 $2 18. Bb5 $18) 18. Qxf3
Qc7 19. Bb5 $18 Rad8 20. Qc6 Qxc6 21. Bxc6 Nb8 22. Bxe8 Rxe8 23. h5 Rc8 24. g4
Kf8 25. Kg2 Ke8 26. Re4 Rc7 27. Be3 Rd7 28. Rxd7 Kxd7 29. Rf4 Ke8 30. b4 1-0

[Event "Tilburg"]
[Site "Tilburg"]
[Date "1991.??.??"]
[Round "8"]
[White "Kamsky, Gata"]
[Black "Kortschnoj, Viktor Lvovich"]
[Result "1/2-1/2"]
[WhiteElo "2595"]
[BlackElo "2610"]
[Annotator "Ernst,T"]
[PlyCount "55"]
[EventDate "1991.10.??"]
[EventType "tourn"]
[EventRounds "14"]
[EventCountry "NED"]
[EventCategory "17"]
[SourceTitle "CBM 026"]
[Source "ChessBase"]
[SourceDate "1992.02.01"]
[SourceVersion "1"]
[SourceVersionDate "1992.02.01"]
[SourceQuality "1"]

1. e4 e6 2. d4 d5 3. Nc3 dxe4 4. Nxe4 Nd7 5. Nf3 Ngf6 6. Nxf6+ Nxf6 7. Bd3 b6 {
Eine Nebenvariante, die Kortnoj zweimal in Tilburg mit Erfolg gespielt hat.} 8.
Qe2 Bb7 9. c3 Be7 10. Bg5 h6 11. Bh4 Qd5 12. Ne5 Nd7 (12... Qxg2 13. O-O-O Qd5
$15) 13. Bxe7 Nxe5 14. dxe5 Qxg2 15. O-O-O Kxe7 16. Rhg1 Qxh2 17. Qe3 g5 18.
Rg4 Rad8 19. f4 Qh5 20. Rdg1 Rhg8 21. Be2 gxf4 22. Qxf4 Rxg4 23. Qf6+ Kd7 24.
Rd1+ Bd5 25. Bb5+ Kc8 (25... c6 $4 26. Rxd5+ $1 exd5 27. Qd6+ Ke8 28. Bxc6+ Rd7
29. Bxd7+ $18) 26. Ba6+ Kd7 27. Rxd5+ exd5 28. Bb5+ 1/2-1/2

[Event "Valby K41"]
[Site "Valby"]
[Date "1991.??.??"]
[Round "2"]
[White "Hector, Jonny"]
[Black "Uhlmann, Wolfgang"]
[Result "1-0"]
[WhiteElo "2500"]
[BlackElo "2500"]
[Annotator "Ernst,T"]
[PlyCount "69"]
[EventDate "1991.09.??"]
[EventType "tourn"]
[EventRounds "9"]
[EventCountry "DEN"]
[EventCategory "10"]
[SourceTitle "CBM 027"]
[Source "ChessBase"]
[SourceDate "1992.04.01"]
[SourceVersion "1"]
[SourceVersionDate "1992.04.01"]
[SourceQuality "1"]

1. Nc3 d5 2. d4 e6 3. Nf3 $1 {Hector will um jeden Preis die französische
Verteidigung vermeiden, und es gelingt ihm auch!} c5 4. e4 cxd4 5. Qxd4 Nc6 6.
Bb5 Bd7 7. Qd2 $1 (7. Qd1 dxe4 8. Nxe4 Qa5+ 9. Nc3 Bb4 $17) 7... dxe4 8. Nxe4
Nf6 9. Nxf6+ Qxf6 10. O-O a6 11. Ba4 Rd8 12. Qe2 Nd4 (12... h6 13. Rb1 Be7 14.
Bd2 O-O 15. Bc3 $14) 13. Bxd7+ Rxd7 14. Nxd4 Qxd4 15. c3 Qd3 16. Qe5 Qd6 17.
Qg5 h6 18. Qh5 Qd5 19. Qg4 h5 20. Qa4 h4 $6 (20... Qb5 21. Qxb5 axb5 $14) 21.
h3 Bd6 22. Be3 Rh5 23. Rfd1 Qe5 24. Qg4 g6 25. Rac1 $1 Bc7 $2 26. Rxd7 Kxd7 27.
Qf3 Ke7 28. Qxb7 Qd6 (28... Qh2+ 29. Kf1 Rb5 30. Qxa6 Qh1+ 31. Ke2 Rxb2+ 32.
Kf3 Qh2 33. Qa3+ $18) 29. Qb4 Qxb4 30. cxb4 Kd7 31. Kf1 Rh8 32. Ke2 Be5 33. b3
Rb8 34. Rc4 Bf6 35. Rf4 1-0

[Event "GBR-ch 105th"]
[Site "Hull"]
[Date "2018.08.04"]
[Round "8"]
[White "Adair, James"]
[Black "Arkell, Keith C"]
[Result "0-1"]
[WhiteElo "2492"]
[BlackElo "2406"]
[Annotator "Fernandez,D"]
[PlyCount "196"]
[EventDate "2018.07.28"]
[EventType "swiss"]
[EventRounds "9"]
[EventCountry "ENG"]
[SourceTitle "CBM 186"]
[Source "ChessBase"]
[SourceDate "2018.09.14"]
[SourceVersion "1"]
[SourceVersionDate "2018.09.14"]
[SourceQuality "1"]

{While maybe not the most thrilling encounter, this game serves to illustrate
the divide between the two halves of the English school of chess, and had
competitive importance in that it ensured White did not become a grandmaster
this weekend.} 1. e4 e6 $1 {Not 1...c6- Keith is mixing it up today.} 2. d4 d5
3. Nc3 dxe4 4. Nxe4 Bd7 5. Nf3 Bc6 6. Bd3 (6. Neg5 {This line is meant to be
the hardest for Black to deal with, and the immediate practical problems
associated with sacrifices on e6/f7 are actually considerable.} Nd7 ({A later
game improved somewhat:} 6... Be7 7. Bc4 Bd5 8. Bb5+ c6 9. Bd3 Bxf3 10. Nxf3
Nf6 11. O-O Nbd7 $14 {and Black had a normal Fort Knox position in Jones,
G-Taylor,A Reading 2016}) 7. Bc4 (7. Nxf7 $5 Kxf7 8. Ng5+ Ke8 9. Bd3 $13) 7...
Bd5 $2 (7... Qe7 $5 8. O-O O-O-O {White is clearly a bit more comfortable, but
the position remains hard to play for both sides.}) 8. Nxf7 $1 Kxf7 9. Ng5+ Ke8
10. Nxe6 Bxe6 11. Bxe6 $16 {Jones,G-Fernandez,D England 2016}) 6... Nd7 7. O-O
Ngf6 8. Ng3 Be7 9. Re1 Bxf3 10. Qxf3 c6 {Back to known territory for Keith.}
11. c3 O-O 12. Bc2 (12. Nh5 {Stylistically, it makes sense to me to trade a
pair of knights, even if principles indicate Black would like this trade due
to his lack of space.}) 12... Re8 13. Bd2 Qb6 14. b3 Rac8 15. Rad1 c5 {The
engine doesn't like this move, but in terms of cold, hard realities, Black has
to either a) play ...c5, b) play ...e5, or c) exchange dark-squared bishops
somehow. The other two are inconvenient to arrange right now.} 16. dxc5 Bxc5
17. Ne4 {Now White goes for the knight trade.} Be7 (17... Nxe4 {is given by
the engine as '0.15', but I cannot see a good reason why after the very simple}
18. Rxe4 Nf6 19. Ree1 {White should not keep his '+/=' status.}) 18. c4 Qa6 {
The position becomes much more tense after this move, which should normally
favour White; however, the dynamics in this position are such that White can
no longer profitably do absolutely nothing, and yet he must use considerable
creativity to come up with a non-trivial plan.} (18... Rcd8 19. Bc3 h6 $14 {
or something was possible, tightening the bolts that keep Black's position
together and playing with ideas like ...Bb4 in the near future.}) 19. Bc3 (19.
a4 Red8 20. a5 $14 {is rather loosening, but keeps White's advantage, if only
because Black must play some kind of ...b6 break in many lines in order to
free his pieces.}) 19... Red8 20. Qg3 g6 (20... Ne8 $5 {was at least equally
good and avoided the fairly intuitive extra option that White obtained in the
game on the subsequent move.}) 21. a4 {Now this misses the mark very slightly.}
(21. Nd6 $5 {This fits the bill as far as White's needs are concerned:
concrete, forcing, directionally forwards.} Rb8 (21... Nh5 22. Nxc8 Nxg3 23.
Nxe7+ Kf8 24. Bb4 $3 $18 {is close to winning for White, although this is not
necessarily obvious to the unaided eye.}) 22. Bxg6 $1 hxg6 (22... fxg6 23. Rxe6
Bf8 24. Qh3 $1 $18) 23. Rxe6 $1 Bf8 (23... Bxd6 {is a challenging line, but
not beyond human scope:} 24. Rexd6 Ne4 25. Qh3 $1 Nxc3 $1 26. Qxc3 Qxa2 27. h3
$1 $16) 24. Bxf6 Nxf6 25. Rxf6 Qxa2 26. h4 $16 {White has an extra pawn and
Black faces continuing difficulties on the kingside.}) 21... Nxe4 22. Bxe4 Qb6
$1 23. a5 Qc7 24. Qxc7 $11 {Now Black may not be worse. From this point
onwards, his play is almost perfect.} (24. Qe3 $142 b6 25. axb6 axb6 $14 {
White still has his plus, but Black's co-ordination is getting slightly better.
}) 24... Rxc7 25. g3 Rdc8 (25... b5 $5) 26. Re3 (26. a6 b6 27. Bb7 {could make
Black regret ...Rdc8.}) 26... b6 27. Bc2 Nf6 28. Be5 Rc5 (28... Ng4 $5 {
was possible, if Black was satisfied with a draw. However, I suspect he was
already going for more.} 29. Bxc7 Nxe3 30. Rd7 (30. axb6 axb6 31. fxe3 Rxc7 $11
) 30... Nxc2 31. Rxe7 Nd4 $11) 29. axb6 axb6 30. Bd4 R5c6 31. Re5 {With this
and the next move, James fails to appreciate that Black's favourite exchange
here is the dark-squared bishop swap, and that if successful in this then
Black will obtain a slight practical plus.} (31. Bxf6 {was a reasonable move
with which to offer a draw.}) 31... Ng4 32. Rb5 Bc5 33. h3 Bxd4 34. Rxd4 Nf6 {
Now, Black's next exchange to try will be a pair of rooks - preferably without
ever allowing the white king to c3.} 35. Bd1 Rb8 36. Bf3 Rc5 37. Rb4 Ne8 38.
Rd7 (38. Kf1 $11 {The correct plan was to try and bring the white king to the
queenside with as little delay as possible.}) 38... Rc7 39. Rxc7 Nxc7 40. c5 (
40. Kf1 $11 {is again a good idea. If Black isn't careful then the queenside
majority may start moving fast, e.g.} Na6 41. Ra4 Nc5 42. Ra3 Rd8 43. b4 Nd3
44. c5 bxc5 45. b5 $44) 40... b5 41. Rd4 Na6 42. c6 ({The most obvious
alternative was} 42. b4 Kf8 43. Kf1 Ke7 44. Bc6 Rd8 45. Rxd8 Kxd8 46. Bxb5 Nxb4
$11 {and with a bit of care White should be able to avoid losing the c5-pawn.})
42... Rc8 43. Rd6 Nb4 44. Be2 Nxc6 45. Bxb5 Na5 46. Ba4 Rb8 47. Rd3 Kg7 48. Kf1
Rb4 49. Ke2 Nb7 50. Rc3 Nd6 51. Rd3 $2 {In an increasingly difficult position,
White makes his first 'computer-sanctioned' error.} (51. Kd3 {clings on to the
b3-pawn, though there is little doubt in my mind that Black is very seriously
playing to win after} e5 $36) 51... Ne4 $1 {Just like that, the queenside pawn
is gone.} 52. Ke3 Nc5 53. Rc3 Nxa4 54. bxa4 Rxa4 55. h4 h6 56. Rc7 g5 57. hxg5
hxg5 58. Rb7 (58. f3 {and g4 would be the ideal setup, but here Black counters
with} g4 $1 {and is close to winning.}) 58... Ra3+ 59. Ke2 Kg6 60. Re7 g4 {
In this phase of the game, Black makes all his logical improving moves, but
then they run out, and he has to play ...f4.} 61. Kd2 Kf6 62. Rb7 e5 63. Ke2
Ke6 64. Rb6+ Kf5 65. Rb7 f6 66. Rb6 Rc3 67. Ra6 Rc5 68. Ke3 Rb5 69. Ke2 Kg5 70.
Ke3 Rb2 71. Ra8 Rc2 72. Rb8 f5 73. Rg8+ Kf6 74. Rf8+ Ke6 75. Re8+ Kd6 76. Rd8+
Ke7 77. Ra8 Rc3+ 78. Ke2 Ke6 79. Rd8 f4 {The computer evaluation drops
drastically, but in reality this just exchanges one draw for another.} 80. gxf4
exf4 81. Kd2 Ra3 82. Rg8 Kf5 {Here, I expect both players thought Black was
rounding up the f2-pawn and winning, and thought very little of the subsequent
moves. However, engine analysis shows that the position is still a draw, and
White didn't do anything wrong either before or just after ...f4.} 83. Ke2 f3+
84. Ke1 Ra1+ 85. Kd2 Rf1 86. Rf8+ {Here is the issue.} Ke5 (86... Kg5 {gets
checked endlessly, but the text is different, for an important reason.}) 87.
Re8+ $4 (87. Ke3 {is vital, so that Black can't ever play ...Re2.} Re1+ 88. Kd3
$11) 87... Kf6 $1 {Making the most of his sudden chance. Black definitely
created his own luck here...} 88. Rf8+ Kg7 89. Rf5 {There was no way to defend
the f2-pawn.} Kg6 90. Rf8 Rxf2+ 91. Ke3 Rg2 92. Rg8+ Kf5 93. Rf8+ Kg6 94. Rg8+
Kf7 95. Rg5 Kf6 96. Rg8 Re2+ 97. Kf4 f2 98. Kg3 Kf7 {Promoting to a knight
also wins.} 0-1